| 000 | 00415nam a2200133Ia 4500 | ||
|---|---|---|---|
| 008 | 181023s9999 xx 000 0 und d | ||
| 020 | _a9781259538988 | ||
| 100 | _aByrd, Mary Jane. | ||
| 245 |
_cMary Jane Byrd.-- _aSmall business management : _ban entrepeneur's guidebook / |
||
| 250 | _a8th ed | ||
| 260 |
_aNew York : _bMcGraw Hill _c2018 |
||
| 300 | _axviii, 475 pages. | ||
| 650 | _aSmall business -- management. | ||
| 999 |
_c359395 _d359395 |
||